000 00208 a2200109 4500
020 _a9788478442515
041 _aspa
100 _aJostein Gaarder
245 _aEl Mundo De Sofia
942 _cBK
952 _71
999 _c22556
_d22556